000 00402nam a2200157Ia 4500
008 230917s9999||||xx |||||||||||||| ||und||
020 _cRS13
040 _e24863
_aMAIN
041 _aEnglish
082 _a301.04 G914S
100 _aGross, Llewellyn, ed.
245 0 _aSociology theory: Inquiries and paradigms
260 _aBombay
_bAllied Publishers
_c1975
300 _aix, 398 p.
942 _cBK
999 _c148096
_d148096